00589nam a22001697a 4500003000500000038000600005082001200011100002300023110003000046245012000076260004400196563000600240650004100246942001300287999001900300952010000319NUST a. a200 THE aUsman Ghani970031 aSupervisor Dr. Ali Hassan aTH-SOF-1202-Using A Mobile Platform For Detection And Classification Of MRCPs In Electroencephalogram (EEG) Signals aIslamabad:bNUST College of EME,c2001. a. a MS-COMPUTER ENGINEERING-77 969779 cTHE2ddc c577091d577091 00102ddc4070aCEMEbCEMEcTHEd2019-11-18o200 THEpTH-SOF-1202r2021-06-28w2021-06-28yREF